Central Library OPAC University of Rajshahi

King John / (Record no. 19332)

MARC details
000 -LEADER
fixed length control field 00688nam a22002177a 4500
001 - CONTROL NUMBER
control field 19332
003 - CONTROL NUMBER IDENTIFIER
rucl marc code BD-RjUL
005 - DATE AND TIME OF LATEST TRANSACTION
control field 20211209000422.0
008 - FIXED-LENGTH DATA ELEMENTS--GENERAL INFORMATION
fixed length control field 140224r19541936enkc 6 000 0 eng d
035 ## - SYSTEM CONTROL NUMBER
System control number (BD-RjUL)19391
040 ## - CATALOGING SOURCE
Original cataloging agency BD-RjUL
Language of cataloging eng
Transcribing agency BD-RjUL
041 ## - LANGUAGE CODE
Language code of text/sound track or separate title eng
082 ## - DEWEY DECIMAL CLASSIFICATION NUMBER
Edition number 23
Classification number 822.33
Author mark and year SHK 1954
100 1# - MAIN ENTRY--PERSONAL NAME
Personal name Shakespeare, William.
9 (RLIN) 59455
245 ## - TITLE STATEMENT
Title King John /
Statement of responsibility, etc. William Shakespeare, edited by John Dover Wilson
260 ## - PUBLICATION, DISTRIBUTION, ETC. (IMPRINT)
Place of publication, distribution, etc. Cambridge :
Name of publisher, distributor, etc. At The University Press,
Date of publication, distribution, etc. 1936 [Reprinted 1954].
300 ## - PHYSICAL DESCRIPTION
Pagination Ixxix, 208 p. :
Illustrations Portrits ;
Size 18 cm.
650 #0 - SUBJECT ADDED ENTRY--TOPICAL TERM
Topical term or geographic name as entry element John, King of England,
Form subdivision 1167-1216 --Drama.
9 (RLIN) 59456
700 1# - ADDED ENTRY--PERSONAL NAME
Personal name Wilson, John Dover
942 ## - ADDED ENTRY ELEMENTS (KOHA)
Source of classification or shelving scheme Dewey Decimal Classification
Koha item type Books
Holdings
Lost status Source of classification or shelving scheme Damaged status Not for loan Collection code Permanent Location Current Location Shelving location Date acquired Source of acquisition Total Checkouts Full call number Date last seen Copy number Koha item type
  Dewey Decimal Classification   Not For Loan Fiction Central Library, University of Rajshahi Central Library, University of Rajshahi Reading Room 19/02/1963 Zeitlinger   822.33 SHK 1954 24/02/2014 C-1 Books
  Dewey Decimal Classification     Fiction Central Library, University of Rajshahi Central Library, University of Rajshahi   19/02/1963 Zeitlinger   822.33 SHK 1954 21/12/2020 C-2 Books